Movies Quiz

Random Movies or Numbers Quiz

100 Number Movies Quiz Stats

 Plays Quiz Updated May 9, 2019

Score 0/100 Timer 10:00
12 Plays Today
% Correct
101
84.4%
80
82.3%
21
80.5%
Seven
80.1%
30
80%
One
79.6%
40
79.5%
60
79.4%
One
78.7%
2001
78.6%
One
78.2%
One
78.2%
Four
77.9%
Two
77.7%
Three
77.5%
One
77%
Million
75.5%
Zero
75.3%
12
75.2%
Four
74.6%
One
74.1%
10
74%
Two
73.8%
13
73.8%
Seven
73.6%
Three
73.2%
Sixteen
72.7%
50
71.7%
Three
71%
Two
70%
Two
69.7%
12
69.2%
Two
68.7%
Nine
68.6%
% Correct
12
68.5%
Three
68.1%
20,000
67.8%
Seven
67.7%
Two
67.4%
Two
66.2%
One
66.1%
451
65.9%
10
65.8%
Seven
65.2%
65.1%
Seven
64.4%
Eight
63.4%
28
63.1%
Three
62%
Four
61.8%
300
60.2%
Seven
59.6%
27
59.5%
Nine
59.3%
500
59.2%
One
57.7%
10,000
56.5%
2049
56.3%
123
55.9%
Million
55.5%
Thousand
55.2%
Zero
54.8%
17
54.8%
Seven
52.8%
2000
51.7%
50
51.2%
Zero
50.7%
Eight
50.6%
% Correct
127
50.4%
Three
50.2%
Five
49.9%
Six
49.2%
1492
49%
23
47.7%
3000
46.5%
93
46.3%
Six
45.8%
40
45.8%
Eight
45.2%
13
43.7%
Six
39.2%
10
39%
Two
37.6%
39
37.6%
49
37%
3000
36.4%
66
35.5%
Eight
35%
17
34.9%
1138
33.2%
Six
32.3%
42
30.9%
19
30.6%
47
30.2%
30
28.3%
88
26.7%
Three
25.5%
Five
24.6%
400
24%
12
22%

You're not logged in!

Compare scores with friends on all Sporcle quizzes.
OR
Log In

Show Comments

Extras

Top Quizzes Today


Score Distribution

Your Account Isn't Verified!

In order to create a playlist on Sporcle, you need to verify the email address you used during registration. Go to your Sporcle Settings to finish the process.

Report this User

Report this user for behavior that violates our Community Guidelines.

Details: